00282nam a2200121Ia 4500008004100000100002000041245003000061260002500091300000800116650001400124942000700138999001500145190216s9999||||xx |||||||||||||| ||und|| aPrabhat Patnaik 0aTime Inflation And Growth bOrient Longmanc1988 a54p aEconomics cBK c9982d9982